=LDR 00000nam 2200000 4500 =001 INLIS000000000030003 =005 20130612132204 =008 ***********************************ind** =035 ##$$0010-061300000030003 =041 ##$$a ind =082 ##$$a 581.1 =090 ##$$a 581.1, SJO k =100 ##$$a Sjostrom, Eero =245 ##$$a Kimia kayu, dasar-dasar dan penggunaan, Eero Sjostrom; penerjemah, Hardjono Sastrohamidjojo =260 ##$$a 1995 $b Bandung =300 ##$$a xv, 389 hlm., ilus., 21 cm =650 ##$$a Kayu, Kimia =850 ##$$a NBPNMAT =990 ##$$a 0001/BPAP-NTB/2016